Hỏi-đáp về thâm canh rau

Bewaard in:
Bibliografische gegevens
Hoofdauteur: Đinh Văn Lữ
Formaat: Boek
Taal:Undetermined
Gepubliceerd in: Hà Nội KHKT 1971
Onderwerpen:
Tags: Voeg label toe
Geen labels, Wees de eerste die dit record labelt!
Thư viện lưu trữ: Trung tâm Học liệu Trường Đại học Cần Thơ
LEADER 00454nam a2200169Ia 4500
001 CTU_13335
008 210402s9999 xx 000 0 und d
082 |a 635 
082 |b L550 
100 |a Đinh Văn Lữ 
245 0 |a Hỏi-đáp về thâm canh rau 
245 0 |c Đinh Văn Lữ 
260 |a Hà Nội 
260 |b KHKT 
260 |c 1971 
650 |a vegetable gardening 
980 |a Trung tâm Học liệu Trường Đại học Cần Thơ